Note on Fundamental System of Solutions to the Differential Equations (D2 − 2Dα + α2 ± β2) y = 0

Článok sa zaoberá štúdiom existencie základného systému riešení diferenciálnych rovníc.

Enregistré dans:
Détails bibliographiques
Auteur principal: Fecenko, Jozef
Autres auteurs: Chalmovianská, Jana
Format: Chapitre de livre
Langue:anglais
Sujets:
Tags: Ajouter un tag
Pas de tags, Soyez le premier à ajouter un tag!

MARC

LEADER 00000naa$a2200000$$$4500
001 0308036
005 20250603104130.5
041 0 |a eng 
044 |a SK 
245 1 0 |a Note on Fundamental System of Solutions to the Differential Equations (D2 − 2Dα + α2 ± β2) y = 0  |c Jozef Fecenko, Jana Chalmovianská 
520 |a Článok sa zaoberá štúdiom existencie základného systému riešení diferenciálnych rovníc. 
610 2 0 |a matematika 
610 2 0 |a transformácia 
610 2 0 |a aktuári 
610 2 0 |a rovnice diferenciálne 
610 2 0 |a funkcie matematické 
100 1 |a Fecenko, Jozef 
700 1 |a Chalmovianská, Jana